书目信息 |
| 题名: |
光的偏振
|
|
| 作者: | 张之翔 著 | |
| 分册: | ||
| 出版信息: | 北京 高等教育出版社 1985 |
|
| 页数: | 94页 | |
| 开本: | 20cm | |
| 丛书名: | 高等学校理论物理学读物丛书 | |
| 单 册: | ||
| 中图分类: | O436.3 | |
| 科图分类: | ||
| 主题词: | 光-偏振 , 偏振-光 | |
| 电子资源: | ||
| ISBN: | ||
| 000 | 00727nam2 2200277 45 | |
| 001 | 0185011058 | |
| 005 | 20040520154111.9 | |
| 010 | @dCNY0.75 | |
| 091 | @a13010.01031 | |
| 100 | @a19900829d1985 em y0chiy0121 ea | |
| 101 | 0 | @achi |
| 102 | @aCN@b110000 | |
| 105 | @ay z 001yy | |
| 106 | @ar | |
| 200 | 10 | @a光的偏振@Aguang de pian zhen@f张之翔著 |
| 210 | @a北京@c高等教育出版社@d1985 | |
| 215 | @a94页@d20cm | |
| 225 | 2 | @a高等学校理论物理学读物丛书 |
| 410 | 0 | @120010@a高等学校理论物理学读物丛书 |
| 606 | @a光-偏振 | |
| 606 | @a偏振-光 | |
| 690 | @aO436.3@v3 | |
| 701 | 0 | @a张之翔@Azhang zhi xiang@4著 |
| 801 | 0 | @aCN@b深圳图书馆@c20040520 |
| 801 | 2 | @aCN@bNLC@c20040520 |
| 905 | @f1@b148210@dO436.3@e13 | |
| 光的偏振/张之翔著.-北京:高等教育出版社,1985 |
| 94页;20cm.-(高等学校理论物理学读物丛书) |
| ISBN :CNY0.75 |
| ● |
| 相关链接 |
|
|
|
|
正题名:光的偏振
索取号:O436.3/13
 
预约/预借
| 序号 | 登录号 | 条形码 | 馆藏地/架位号 | 状态 | 备注 |
| 1 | 0148208 | 001461162 | 第三借阅区/ [索取号:O436.3/13] | 在馆 | |
| 2 | 0148209 | 001461153 | 第三借阅区/ [索取号:O436.3/13] | 在馆 | |
| 3 | 0148210 | 001461135 | 第三借阅区/ [索取号:O436.3/13] | 在馆 | |
| 4 | 0148211 | 001462535 | 第三借阅区/ [索取号:O436.3/13] | 在馆 | |
| 5 | 0148212 | 202098522 | 第二样本阅览室/ [索取号:O436.3/13] | 在馆 |